Historia de la medicina /

שמור ב:
מידע ביבליוגרפי
מחבר ראשי: Hernández González, Silviano (autor)
מחברים אחרים: Ramos Meza, José Ernesto (presentación) (presentación)
פורמט: ספר
שפה:ספרדית
נושאים:
תגים: הוספת תג
אין תגיות, היה/י הראשונ/ה לתייג את הרשומה!

MARC

LEADER 00000nam^a2200000^a^4500
001 000102448
005 20250521000000.0
009 20260310093312.155
037 |a Acervo ITESO - Biblioteca 
041 |a ESP 
082 |a 610. 9  |b HER 
100 |a Hernández González, Silviano  |e (autor) 
245 1 0 |a Historia de la medicina /  |c S. Hernández González ; presen. de J.E. Ramos Meza. 
264 |a México :  |b Francisco Méndez Oteo,  |c 1965 
300 |a 235 p. 
336 |a texto  |b txt  |2 rdacontenido 
337 |a sin mediación  |b n  |2 rdamedio 
338 |a volumen  |b nc  |2 rdasoporte 
649 |a XX 
650 |a Medicina -  |x Historia 
650 |a Ciencias Médicas -  |x Historia 
650 |a Ciencia -  |x Historia 
700 |a Ramos Meza, José Ernesto  |e (presentación) 
910 |a Fondo Jesús Rodríguez 
920 |a Impresos - Libros 
930 |a Fondos Especiales 
905 |a 113 
901 |a 0500038125  |b IT2  |c ESP  |u 20250521 
902 |a https://opac.biblio.iteso.mx/vufind/Record/000102448